00987nam a2200217 a 450000100100000000500170001000800410002702000150006804000250008308200150010810000330012324501220015626001060027830000630038450000790044750000520052650400280057870000330060695201130063999900170075200004229020201002040046.0131122s1996 sp ac 000 0 spa d a8487737153 aDO-SdBNPbspacBNPHU axxxbN677A1 aAlvares, Rosa,d1965-96933613aLa Armonía que rompe el silencio :bconversaciones con José Nieto /cRosa Alvares ; prólogo de Josefina Molina. aValladolid, España :bSociedad General de Autores y Editores,bSemana Internacional de Cine,c1996. a243 p. :bil., retrs. + disco (digital ; 4 3/4 ) ;c25 cm. aIncluye datos biográficos de la autora en la solapa de la contracubierta a41 Semana Internacional de Cine Valladolid-1996 aBibliografía : p. 23112aMolina, Josefinaetr.969337 001050718MOaGRbGRcCTd2013-11-22iLF1l0oxxx N677Ap42290-10r2020-06-25w2020-06-25y1ZNo se presta c41779d41779